Le cabinet secret de l'histoire : deuxième sèrie /

Gardado en:
Detalles Bibliográficos
Autor Principal: Cabanès, Augustin (autor)
Formato: Libro
Idioma:francés
Publicado: París, Francia : Albin Michel, 1905, c1905
Edición:Nueva edición
Temas:
Etiquetas: Engadir etiqueta
Sen Etiquetas, Sexa o primeiro en etiquetar este rexistro!

MARC

LEADER 00000nam^a2200000^a^4500
001 000563912
005 20250526000000.0
009 20260310132014.724
037 |a Acervo ITESO - Biblioteca 
041 |a FRA 
091 |a FHA. 03010 
100 |a Cabanès, Augustin  |e (autor) 
240 1 4 |a [Le cabinet secret de l'histoire] 
245 1 3 |a Le cabinet secret de l'histoire :  |b deuxième sèrie /  |c A. Cabanès. 
250 |a Nueva edición 
264 4 |a París, Francia :  |b Albin Michel,  |c 1905, c1905 
300 |a 406 p., 7 láminas ;  |c 18.5 cm. 
336 |a texto  |b txt  |2 rdacontenido 
337 |a sin mediación  |b n  |2 rdamedio 
338 |a volumen  |b nc  |2 rdasoporte 
515 |a Inventario familia Hartung: 3211 
545 0 |a El médico francés Agustín Cabanès (1862-1928) fue también escritor e historiador, a la par de su profesión médica. Conocido por sus obras relativas a algunos misterios de la historia y de la historia de la medicina. En sus relatos presenta situaciones médicas vividas por personajes de la historia, descifrando muchos enigmas que parecían inexplicables. Su obra contribuyó a abrir el arte médico más allá de sus fronteras, para interesarse por el mundo de la literatura, el arte, la sociología, la economía política, entre otras. Fue un escritor prolífico, entre sus obras, a caballo entre medicina, historia e historia de la medicina, se encuentran: Molière et les médecins (1895); Le Cabinet secret de l'histoire entr'ouvert par un médecin (1897-1898); Poisons et sortilèges, avec le docteur Lucien Nass (1903); Moeurs intimes du passé (1908-1936); Une Allemande à la cour de France : la princesse Palatine. Les petits talents du grand Frédéric. Un médecin prussien, espion dans les salons romantiques (1916); Esquisses d'hydrologie historique (1917); Les Cinq sens (1926); Les Énigmes de l'histoire (1930). 
561 |a Ex libris de Hartung Ashida [Familia] 
649 |a XX 
650 |a Reyes Franceses 
650 |a Nobles Franceses 
650 |a Personajes Históricos -  |x Anécdotas y Chistes 
650 |a Personajes Históricos -  |x Tema Principal 
650 |a Enfermedades Históricas 
650 |a Medicina -  |x Historia -  |x Tema Principal 
650 |a Ciencias Médicas -  |x Historia 
650 |a Luis XVI,  |c Rey de Francia 
650 |a Luis XVII,  |c Rey Titular de Francia 
650 |a Bonaparte, Paulina 
600 |a María Antonieta,  |c Reina de Francia 
910 |a Fondo Horst Hartung Franz 
920 |a Impresos - Libros 
930 |a Libros Antiguos y Raros 
905 |a 135 
901 |a 0500334492  |b IT2  |c LRA  |i D  |u 20250526 
902 |a https://opac.biblio.iteso.mx/vufind/Record/000563912